Riba : Kesan & Mudaratnya Menurut Al-Quran & Sunnah

Bibliographic Details
Main Author: AL-Qahtani,Said Bin Ali,Dr
Other Authors: Drs. H. Syahrin Nasution
Format: Book
Published: Kuala Lumpur : Al-Hidayah , 2003
Subjects:

MARC

LEADER 00000cam a2200000 7i4500
001 0000013795
005 20080130.0
008 080130
020 |a 9830994716 
090 0 0 |a 297.273   |b QAH 
100 1 |a AL-Qahtani,Said Bin Ali,Dr. 
245 1 0 |a Riba :   |b Kesan & Mudaratnya Menurut Al-Quran & Sunnah   |c Dr. Said Bin Ali Al-Qahtani;penterjemah Drs. H. Syahrin Nasution 
260 |a Kuala Lumpur :   |b Al-Hidayah ,   |c 2003 
650 0 |a Banks and banking   |x Religious aspects   |x Islam 
650 0 |a Interest ( Islamic Law ) 
700 0 |a Drs. H. Syahrin Nasution 
999 |a 0000922008   |b Book   |c Adult Collection   |e Cawangan Bukit Gambir 
999 |a 0000922009   |b Book   |c Adult Collection   |e Cawangan Bukit Gambir 
999 |a 0000932739   |b Book   |c Adult Collection   |e Cawangan Tangkak 
999 |a 0000932740   |b Book   |c Adult Collection   |e Cawangan Tangkak 
999 |a 0001007772   |b Book   |c Adult Collection   |e Perbadanan Perpustakaan Awam Johor 
999 |a 0001007773   |b Book   |c Adult Collection   |e Perbadanan Perpustakaan Awam Johor 
999 |a 0001007774   |b Book   |c Adult Collection   |e Perbadanan Perpustakaan Awam Johor